000 00897nam2a22002531 4500
001 rc\4937244
005 20130426160658.7
035 _a(NLR Aleph) 008948367
090 _a8987311
_c8987311
100 _a20130426d1968 |||y0rusy50 ca
101 0 _arus
102 _aRU
105 _aa z |||||
200 0 _a[Т. 1
_fОтв. ред. проф. М.Б. Чутко]
210 _d1968
215 _a180 с.
_cил.
225 1 _a...
_f...
_vВып. 64
461 0 _1001rc\4937243
_12001#$aТравмы органа зрения$e[Сборник статей$eТ. 1]-$v[Т. 1
_98987307
_cЛенинград
_d1968-
_nБ. и.
_o[Сборник статей : Т. 1]-
_tТравмы органа зрения
_v[Т. 1
702 1 _aЧутко
_bМ. Б.
_gМихаил Борисович
_4340
801 0 _aRU
_bNLR
_gpsbo
801 1 _aRU
_bELAR
_2rusmarc
852 _aNLR
_jП16/682
942 _cBOOK
980 _aNB